000 00229 a2200097 4500
001 5659
100 _aWooddenry,DO
245 _a1001 questions answers about the new science
260 _a
_bGeorge Harrap
_c
090 _c4648
_d4648
942 _aNUST-CAE
_cM
_c30987
999 _c240732
_d240732